000 00336nam a2200145Ia 4500
005 20251222144651.0
008 251222s9999||||xx |||||||||||||| ||spa||
020 _a9789875917330
082 _a791.430.7/C24
100 _aCaminos, Alfredo
245 0 _aLos amigos del Guión:
250 _a1ra.ed.
264 _bBrujas
942 _cLIB
999 _c17051
_d17051